000 00687cab a2200241 4500
001 ABS60164
008 090401t1999 xxu||||| |||| 00| 0 eng d
035 _a(Sirsi) u91517
041 _aeng
100 _aCarter, S.
245 _aAll aboard
260 _c1999
350 _a0
490 _aInside Housing
_v16(7) 19 February 1999, 15(1)
520 _aPresents the findings of a research study looking at the ingredients for success in councils with a reputation for tenant involvement.
650 _aLOCAL AUTHORITIES
650 _aTENANT PARTICIPATION
650 _aTENANTS ASSOCIATIONS
650 _aTENANTS
690 _aHOUSING
942 _n0
948 _c23/02/1999
999 _c58095
_d58095